000 00561nam a2200217Ia 4500
003 OSt
005 20220928140212.0
006 a|||||r|||| 00| 0
007 ta
008 220927b |||||||| |||| 00| 0 eng d
024 _a7597
037 _cTextual
040 _aSDCL
_cSDCL
_beng
041 _2eng
_aeng
082 _aD6,8(B).2'N7, L5
100 _aGopalakrishnan P
_9494660
245 0 _aComputer in indian
_b An overview
260 _c1975
942 _hD6,8(B).2'N7, L5
_cTEXL
_2CC
999 _c810646
_d810646